Vytvorenie webového rozhrania na tvorbu datasetov

Gespeichert in:
Bibliographische Detailangaben
1. Verfasser: Helebrandt, Pavol (Verfasst von)
Weitere Verfasser: Matišák, Jakub (Betreuung Doktorarbeit)
Format: Manuskript Buch
Sprache:Slowakisch
Veröffentlicht: Bratislava : STU v Bratislave FEI, 2024
Schlagworte:
Online-Zugang:https://opac.crzp.sk/?fn=detailBiblioFormChildILCDA&sid=DDCD2C6FBCAD481F2044C3B200E4&seo=CRZP-detail-kniha
Tags: Tag hinzufügen
Keine Tags, Fügen Sie das erste Tag hinzu!

MARC

LEADER 00000ntm a22000003a 4500
001 stuzp96542
003 SK-STU
005 20250403132240.3
007 ta
008 150427s2015----xo-----f-mn---000-0-slo-d
040 |a STU  |b slo 
041 0 |a slo 
044 |a xo 
100 1 |a Helebrandt, Pavol  |u 035000  |4 aut  |U FEI Fakulta elektrotechniky a informatiky  |T FEI Ústav informatiky a matematiky  |X 115314  |U E050  |Y 816  |7 115314 
242 0 1 |a Creation of a Web Interface for Creation of Datasets  |y eng 
245 1 0 |a Vytvorenie webového rozhrania na tvorbu datasetov 
260 |a Bratislava :  |b STU v Bratislave FEI,  |c 2024 
300 |a 67 s. 
650 4 |a spojenie vývojových prostredí AiA a LabelStudio  |2 slo 
650 4 |a implementácia webového rozhrania  |2 slo 
650 4 |a úspora času  |2 slo 
650 4 |a connection of AiA and LabelStudio development environments  |2 eng 
650 4 |a implementation of web interface  |2 eng 
650 4 |a time saving  |2 eng 
700 1 |a Matišák, Jakub  |u 030400  |k Z8  |4 ths  |U FEI Fakulta elektrotechniky a informatiky  |T FEI Ústav automobilovej mechatroniky  |X 64208  |U E400  |Y 642  |7 64208 
856 4 |u https://opac.crzp.sk/?fn=detailBiblioFormChildILCDA&sid=DDCD2C6FBCAD481F2044C3B200E4&seo=CRZP-detail-kniha